000
00293nam a22001337a 4500
008
170322b xxu||||| |||| 00| 0 eng d
020
_a
9781565124233
041
_a
eng
080
_a
616.8
100
_a
7
101
_a
SHM
245
_a
THREE POUND ENIGMA BRAIN
_c
MOFFET.SH
942
_2
udc
_c
BK
999
_c
8393
_d
8393